[Event "Moscow Open 2009 B"]
[Site "www.moscowchessopen.ru"]
[Date "2009.02.07"]
[Round "8.90"]
[White "Lobanov, Igor"]
[Black "Zavialov, Vladimir"]
[Result "0-1"]
[WhiteElo "1948"]
[BlackElo "2157"]
[Annotator ""]
[Source ""]
[Remark ""]

1.e4 c5 2.Nf3 Nc6 3.d4 cxd4 4.Nxd4 Nf6 5.Nc3 d6 6.Bg5 e6 7.Qd2
a6 8.O-O-O Bd7 9.f4 b5 10.g4 Qb6 11.Nb3 Nxg4 12.f5 h6 13.fxe6
fxe6 14.Bh4 Qe3 15.Be2 Qxd2+ 16.Rxd2 Nge5 17.Rg1 g5 18.Bg3 Kd8
19.Nd4 Kc7 20.Rf1 b4 21.Nd1 Bg7 22.Nxc6 Bxc6 23.Bd3 Rhf8 24.Rxf8
Rxf8 25.Ne3 Bb5 26.Kd1 h5 27.Bxb5 axb5 28.Rf2 Rxf2 29.Bxf2 Nf3
30.Nf1 Bxb2 0-1

[Event "Moscow Open 2009 B"]
[Site "www.moscowchessopen.ru"]
[Date "2009.02.07"]
[Round "8.91"]
[White "Nastashuk, Stanislav"]
[Black "Bukhteeva, Viktoria"]
[Result "1-0"]
[WhiteElo "1936"]
[BlackElo "2154"]
[Annotator ""]
[Source ""]
[Remark ""]

1.Nf3 g6 2.d4 Bg7 3.g3 d6 4.Bg2 Nf6 5.O-O O-O 6.c4 c6 7.Nc3 Nbd7
8.Qc2 a6 9.Rd1 Rb8 10.e4 Qc7 11.b4 e5 12.c5 dxc5 13.dxc5 Rd8
14.h3 b6 15.cxb6 Rxb6 16.Rb1 Re8 17.Be3 Rb8 18.Na4 Bb7 19.Nd2
Bf8 20.f3 Rbc8 21.Rdc1 Qd8 22.Nc5 Bxc5 23.bxc5 Nh5 24.Kh2 Qc7
25.Nc4 1-0

[Event "Moscow Open 2009 B"]
[Site "www.moscowchessopen.ru"]
[Date "2009.02.07"]
[Round "8.92"]
[White "Malyshev, Roman"]
[Black "Glushkov, Lev"]
[Result "1-0"]
[WhiteElo "2154"]
[BlackElo "1897"]
[Annotator ""]
[Source ""]
[Remark ""]

1.d4 d5 2.c4 e6 3.Nc3 c6 4.Nf3 f5 5.cxd5 exd5 6.g3 Nf6 7.Bg2
Bd6 8.O-O O-O 9.Qc2 Ne4 10.a3 a5 11.Rb1 f4 12.Ne5 Nxc3 13.Qxc3
fxg3 14.hxg3 Bf5 15.e4 Bxe5 16.exf5 Bf6 17.Be3 Na6 18.Qb3 Qd7
19.g4 Nc7 20.a4 Ne8 21.Qd3 Nd6 22.Bf4 Rae8 23.Rfe1 Bd8 24.Be5
Bf6 25.Qg3 Nc4 26.b3 Nxe5 27.dxe5 Bd8 28.Bh3 Qe7 29.Kh2 Qh4 30.b4
Qxg3+ 31.Kxg3 axb4 32.f4 h6 33.Red1 Be7 34.Kf3 Ra8 35.Ra1 Ra7
36.g5 hxg5 37.fxg5 Bxg5 38.Rg1 Bh6 39.Rg6 Kh7 40.Re6 c5 41.Re7
Rfa8 42.f6 b5 43.Bf5+ Kh8 44.Bg6 b3 45.Rxa7 Rxa7 46.f7 Ra8 47.axb5
Rb8 48.e6 b2 49.e7 1-0

[Event "Moscow Open 2009 B"]
[Site "www.moscowchessopen.ru"]
[Date "2009.02.07"]
[Round "8.93"]
[White "Kuleshov, Viktor"]
[Black "Uteshev, Arsen"]
[Result "0-1"]
[WhiteElo "1891"]
[BlackElo "2141"]
[Annotator ""]
[Source ""]
[Remark ""]

1.e4 e6 2.d4 c5 3.d5 exd5 4.exd5 d6 5.Nc3 g6 6.Nf3 Bg4 7.Bb5+
Nd7 8.O-O Bg7 9.Re1+ Kf8 10.h3 Bxf3 11.Qxf3 Ne5 12.Qg3 a6 13.Bf1
Nh6 14.Bg5 Qc7 15.Qf4 Nf5 16.Ne4 h6 17.Bf6 Bxf6 18.Nxf6 Qd8 19.Ne4
f6 20.c3 Kg7 21.Ng3 Qe7 22.Rad1 Rhf8 0-1

[Event "Moscow Open 2009 B"]
[Site "www.moscowchessopen.ru"]
[Date "2009.02.07"]
[Round "8.94"]
[White "Sadikhov, Ulvi Ramil Oglu"]
[Black "Shitov, Yaroslav"]
[Result "1-0"]
[WhiteElo "1885"]
[BlackElo "2137"]
[Annotator ""]
[Source ""]
[Remark ""]

1.e4 e5 2.Nf3 d5 3.exd5 Qxd5 4.Nc3 Qe6 5.d3 Nc6 6.Be2 h6 7.Be3
Bd6 8.O-O Bd7 9.d4 exd4 10.Nxd4 Nxd4 11.Bxd4 Bc6 12.Bf3 O-O-O
13.Bxc6 bxc6 14.Re1 Qc4 15.Qg4+ Kb7 1-0

[Event "Moscow Open 2009 B"]
[Site "www.moscowchessopen.ru"]
[Date "2009.02.07"]
[Round "8.95"]
[White "Vavulin, Maksim"]
[Black "Semenov, Viktor"]
[Result "1-0"]
[WhiteElo "1857"]
[BlackElo "2126"]
[Annotator ""]
[Source ""]
[Remark ""]

1.e4 d6 2.d4 Nf6 3.Nc3 g6 4.f4 Bg7 5.Nf3 c5 6.Bb5+ Bd7 7.e5 Ng4
8.Bxd7+ Qxd7 9.d5 dxe5 10.h3 e4 11.Nxe4 Nf6 12.Nxf6+ Bxf6 13.O-O
Qc7 14.Ng5 Nd7 15.Re1 O-O 16.Qg4 h6 17.Ne4 Bd4+ 18.Kh1 Nf6 19.Qh4
Kg7 20.c4 Nxe4 21.Rxe4 Bf6 22.Qf2 Rad8 23.Be3 b6 24.Re1 Qc8 25.Bc1
Rfe8 26.Qe3 Kf8 27.Qg3 a5 28.b3 e6 29.dxe6 Rxe6 30.Rxe6 fxe6
31.Bb2 Bd4 32.Re4 Qc6 33.Rxd4 1-0

[Event "Moscow Open 2009 B"]
[Site "www.moscowchessopen.ru"]
[Date "2009.02.07"]
[Round "8.97"]
[White "Borisov, Evgenij"]
[Black "Muhtarov, Leonid"]
[Result "1-0"]
[WhiteElo "1400"]
[BlackElo "2124"]
[Annotator ""]
[Source ""]
[Remark ""]

1.b3 c5 2.Bb2 Nc6 3.e3 e5 4.Bb5 d6 5.Ne2 Nf6 6.d4 Qa5+ 7.Nbc3
cxd4 8.exd4 Bd7 9.O-O Be7 10.dxe5 dxe5 11.Nd5 Bd8 12.a4 Nxd5
13.Qxd5 f6 14.Rad1 Qc7 15.f4 a6 16.Bc4 Bg4 17.fxe5 Bxe2 18.Bxe2
Ne7 19.Qf3 f5 20.Bc4 Rb8 21.Kh1 b5 22.axb5 axb5 23.Be6 Qxc2 24.Bd4
Qc6 25.Bxf5 Qxf3 26.Rxf3 Nxf5 27.Rxf5 g6 28.Rf3 Rf8 29.Rxf8+
Kxf8 30.g4 Kf7 31.Kg2 Ke6 32.Kf3 1-0

[Event "Moscow Open 2009 B"]
[Site "www.moscowchessopen.ru"]
[Date "2009.02.07"]
[Round "8.98"]
[White "Gusev, Denis"]
[Black "Bereznev, Andrey"]
[Result "1/2-1/2"]
[WhiteElo "1400"]
[BlackElo "2122"]
[Annotator ""]
[Source ""]
[Remark ""]

1.e4 e6 2.d4 d5 3.Nd2 dxe4 4.Nxe4 Nf6 5.Bg5 Be7 6.Ng3 c5 7.dxc5
Qa5+ 8.c3 Qxc5 9.Be3 Qc7 10.Nf3 Nc6 11.Nd4 Nd5 12.Qh5 Nxe3 13.fxe3
Nxd4 14.exd4 Bd7 15.Bb5 Bxb5 16.Qxb5+ Qd7 17.Qxd7+ Kxd7 18.O-O-O
Rhd8 19.h4 1/2-1/2

[Event "Moscow Open 2009 B"]
[Site "www.moscowchessopen.ru"]
[Date "2009.02.07"]
[Round "8.99"]
[White "Khitrov, Denis"]
[Black "Tangatarov, Timur"]
[Result "1-0"]
[WhiteElo "1400"]
[BlackElo "2121"]
[Annotator ""]
[Source ""]
[Remark ""]

1.e4 c5 2.Nf3 d6 3.d4 cxd4 4.Nxd4 Nf6 5.Nc3 a6 6.a4 e5 7.Nb3
Be7 8.Be2 O-O 9.O-O Be6 10.Bg5 Nbd7 11.a5 Rc8 12.Be3 Qc7 13.g4
Qc6 14.Bf3 Nc5 15.Nxc5 dxc5 16.g5 Rfd8 17.Qe2 Ne8 18.Nd5 Bxd5
19.exd5 Qg6 20.h4 f5 21.c4 Qd6 22.Bg2 g6 23.Bd2 Bf8 24.h5 Ng7
25.Bc3 Re8 26.h6 Nh5 27.Rfe1 e4 28.Qe3 Qd8 29.f4 exf3 30.Qxf3
Qd6 31.Re6 Rxe6 32.dxe6 Nf4 33.Rd1 1-0

[Event "Moscow Open 2009 B"]
[Site "www.moscowchessopen.ru"]
[Date "2009.02.07"]
[Round "8.100"]
[White "Korovin, Alexander"]
[Black "Adamson, Garry"]
[Result "1-0"]
[WhiteElo "1400"]
[BlackElo "2115"]
[Annotator ""]
[Source ""]
[Remark ""]

1.g4 e5 2.Bg2 Bc5 3.c4 h5 4.gxh5 Qh4 5.e3 Qxc4 6.Nc3 Nf6 7.Nge2
Qg4 8.Kf1 c6 9.d4 exd4 10.exd4 Bb6 11.Qe1 O-O 12.h6 g6 13.Be3
d5 14.Rd1 Qh4 15.h3 Bc7 16.Qd2 Nh7 17.Ng1 Be6 18.Nf3 Qe7 19.Re1
Nd7 20.h4 f6 21.Bf4 Bxf4 22.Qxf4 Rfe8 23.Kg1 Ndf8 24.Rh3 Rad8
25.Rg3 Qd6 26.Qd2 Bf5 27.Ne2 Re4 28.h5 Kf7 29.hxg6+ Nxg6 30.Nh2
Re7 31.Nf1 Be4 32.f3 Bf5 33.Ne3 Bc8 34.Rxg6 Kxg6 35.Qd3+ Kxh6
36.Kf2 Kg7 37.Ng3 Rxe3 38.Nh5+ Kh8 39.Qxe3 1-0

[Event "Moscow Open 2009 B"]
[Site "www.moscowchessopen.ru"]
[Date "2009.02.07"]
[Round "8.101"]
[White "Zhukovsky, Viacheslav"]
[Black "Petrov, Illarion"]
[Result "0-1"]
[WhiteElo "2115"]
[BlackElo "1400"]
[Annotator ""]
[Source ""]
[Remark ""]

1.c4 e5 2.Nc3 Nc6 3.Nf3 Nf6 4.g3 d5 5.cxd5 Nxd5 6.Bg2 Nxc3 7.bxc3
e4 8.Ng1 f5 9.Nh3 Qf6 10.Qb3 Bd7 11.Qxb7 Rb8 12.Qa6 Nb4 13.Qxa7
Nc2+ 14.Kd1 Qb6 15.Qxb6 Rxb6 16.Bb2 Nxa1 17.Kc1 Ba4 18.Nf4 Nc2
19.Nd5 Rb7 20.d3 c6 21.Nf4 Rxb2 22.Kxb2 Ba3+ 23.Kb1 O-O 0-1

[Event "Moscow Open 2009 B"]
[Site "www.moscowchessopen.ru"]
[Date "2009.02.07"]
[Round "8.102"]
[White "Pluzyan, Aram"]
[Black "Kartsev, Sergei"]
[Result "0-1"]
[WhiteElo "1400"]
[BlackElo "2114"]
[Annotator ""]
[Source ""]
[Remark ""]

1.e4 c5 2.Nf3 Nc6 3.d4 cxd4 4.Nxd4 Nf6 5.Nc3 e5 6.Ndb5 d6 7.Bg5
a6 8.Na3 b5 9.Nd5 Be7 10.Bxf6 Bxf6 11.c3 O-O 12.Nc2 Bg5 13.Be2
Bb7 14.a4 bxa4 15.Rxa4 a5 16.Nce3 Bxe3 17.Nxe3 Ne7 18.O-O Bc6
19.Ra3 Bxe4 20.Nc4 Bd5 21.Nxd6 Qxd6 22.c4 Rad8 23.cxd5 Qxd5 24.Qe1
Qd2 25.b3 Nc6 26.Bf3 Nd4 27.Bd1 Qxe1 28.Rxe1 Rd5 29.Bf3 Rb5 30.Rb1
Rc8 31.Kf1 Kf8 32.Ke1 Ke7 33.Kd2 Rc7 34.Rba1 Rcc5 35.Kd3 Kd6
36.Ke4 Rc3 0-1

[Event "Moscow Open 2009 B"]
[Site "www.moscowchessopen.ru"]
[Date "2009.02.07"]
[Round "8.103"]
[White "Polonskiy, Pavel"]
[Black "Pugachevsky, Valerij"]
[Result "1/2-1/2"]
[WhiteElo "2111"]
[BlackElo "1400"]
[Annotator ""]
[Source ""]
[Remark ""]

1.e4 e5 2.f4 d5 3.exd5 c6 4.d4 exd4 5.Qxd4 cxd5 6.Nc3 Nf6 7.Nf3
Nc6 8.Bb5 a6 9.Bxc6+ bxc6 10.O-O Be7 11.Bd2 O-O 12.Na4 a5 13.Bc3
Qd6 14.Qe5 Qxe5 15.Nxe5 Ba6 16.Rfe1 Bb5 17.b3 Ne4 18.Bd4 c5 19.Bb2
f6 20.Nf3 Bc6 21.Nc3 Rad8 22.Rad1 Rfe8 23.Nxe4 dxe4 24.Nd2 a4
25.Nc4 axb3 26.axb3 Bd5 27.Ne3 Bf7 28.Bc3 Bf8 29.Kf2 Rb8 30.Rb1
Rb7 31.Nc4 Bxc4 32.bxc4 Ra7 1/2-1/2

[Event "Moscow Open 2009 B"]
[Site "www.moscowchessopen.ru"]
[Date "2009.02.07"]
[Round "8.104"]
[White "Benza, Artem"]
[Black "Vyatkin, Aleksandr"]
[Result "0-1"]
[WhiteElo "2298"]
[BlackElo "1400"]
[Annotator ""]
[Source ""]
[Remark ""]

1.c4 e6 2.Nf3 d5 3.d4 Nf6 4.g3 Be7 5.Bg2 O-O 6.O-O c6 7.b3 b6
8.Bb2 Ba6 9.Nbd2 Nbd7 10.Re1 Rc8 11.a3 c5 12.cxd5 exd5 13.dxc5
bxc5 14.Qc2 Qb6 15.Bh3 Rc7 0-1

[Event "Moscow Open 2009 B"]
[Site "www.moscowchessopen.ru"]
[Date "2009.02.07"]
[Round "8.105"]
[White "Remizov, Alexander"]
[Black "Chapurin, A"]
[Result "0-1"]
[WhiteElo "2032"]
[BlackElo "2280"]
[Annotator ""]
[Source ""]
[Remark ""]

1.d4 d5 2.Nf3 Nf6 3.e3 g6 4.Bd3 Bg7 5.O-O O-O 6.Nbd2 c5 7.c3
Nc6 8.Re1 Bf5 9.Qc2 Bxd3 10.Qxd3 Qb6 11.b3 Rac8 12.Ne5 Nxe5 13.dxe5
Ng4 14.f4 Rcd8 15.Bb2 f6 16.exf6 Bxf6 17.Qe2 h5 18.h3 Nh6 19.e4
c4+ 20.Qe3 Qxe3+ 21.Rxe3 e5 22.fxe5 Bxe5 23.exd5 Bf4 24.Re2 cxb3
25.c4 bxa2 26.Rxa2 a6 27.Nf3 Nf5 28.Re6 Rd6 29.Rxd6 Nxd6 30.Ba3
Rc8 31.Bxd6 Bxd6 32.Rb2 b6 33.Kf1 Bc5 34.Rb3 a5 35.Ne5 Rf8+ 36.Rf3
Rxf3+ 37.gxf3 a4 38.Nd3 a3 39.Nc1 Kf7 40.Ke2 Kf6 41.Kd3 Kf5 42.Kc2
Bd6 43.Nd3 Kg5 44.Kb3 Kh4 0-1

[Event "Moscow Open 2009 B"]
[Site "www.moscowchessopen.ru"]
[Date "2009.02.07"]
[Round "8.106"]
[White "Kazakov, Konstantin"]
[Black "Pankov, Gennady"]
[Result "1-0"]
[WhiteElo "2265"]
[BlackElo "2014"]
[Annotator ""]
[Source ""]
[Remark ""]

1.e4 c5 2.Nf3 d6 3.Nc3 Nc6 4.Bb5 Bd7 5.O-O a6 6.Bxc6 bxc6 7.e5
Bg4 8.Re1 d5 9.d3 e6 10.b3 Ne7 11.Ba3 Qa5 12.Na4 Nc8 13.Qd2 Qc7
14.Qf4 Bxf3 15.Qxf3 1-0

[Event "Moscow Open 2009 B"]
[Site "www.moscowchessopen.ru"]
[Date "2009.02.07"]
[Round "8.107"]
[White "Babaev, Mikhail"]
[Black "Koshevoy, Sergey"]
[Result "0-1"]
[WhiteElo "2023"]
[BlackElo "2260"]
[Annotator ""]
[Source ""]
[Remark ""]

1.d4 d5 2.c3 Nf6 3.Nf3 c6 4.h3 Bf5 5.Nbd2 Nbd7 6.g4 Bg6 7.Nh4
Qc7 8.Bg2 e5 9.Nxg6 hxg6 10.dxe5 Nxe5 11.f4 Ned7 12.Nb3 Bd6 13.O-O
O-O-O 14.Nd4 Nc5 15.b4 Nce4 16.Qd3 g5 17.Nf5 Bxf4 18.Bxf4 gxf4
19.a4 g6 20.Nd4 Rde8 21.b5 c5 22.b6 axb6 23.Nb5 Qe5 24.Na7+ Kb8
25.a5 Kxa7 26.a6 c4 0-1

[Event "Moscow Open 2009 B"]
[Site "www.moscowchessopen.ru"]
[Date "2009.02.07"]
[Round "8.108"]
[White "Kotov, Andrey"]
[Black "Pozdeev, Nikita"]
[Result "1-0"]
[WhiteElo "2254"]
[BlackElo "1988"]
[Annotator ""]
[Source ""]
[Remark ""]

1.e4 e6 2.Nf3 d5 3.exd5 exd5 4.d4 Bg4 5.Bd3 Bd6 6.c3 c6 7.O-O
Nd7 8.Re1+ Ne7 9.Bg5 f6 10.Bh4 O-O 11.Qc2 g6 12.Nbd2 Nf5 13.Bg3
Bxg3 14.hxg3 Re8 15.Nh2 h5 16.Nxg4 hxg4 17.Bxf5 gxf5 18.Qxf5
Nb6 19.Qxg4+ Kf7 20.Qh5+ Kg7 21.Nf3 Qd7 22.Nh4 Rxe1+ 23.Rxe1
Kg8 24.Nf5 1-0

[Event "Moscow Open 2009 B"]
[Site "www.moscowchessopen.ru"]
[Date "2009.02.07"]
[Round "8.109"]
[White "Paravyan, David"]
[Black "Davydenko, Andrey"]
[Result "1/2-1/2"]
[WhiteElo "2021"]
[BlackElo "2212"]
[Annotator ""]
[Source ""]
[Remark ""]

1.d4 Nf6 2.c4 g6 3.Nc3 Bg7 4.e4 d6 5.f3 O-O 6.Be3 e5 7.dxe5 dxe5
8.Qxd8 Rxd8 9.Nd5 Rd7 10.Bg5 Nxd5 11.cxd5 c6 12.Bc4 cxd5 13.Bxd5
Rc7 14.Ne2 Nc6 15.Rc1 Bd7 16.Kf2 Rac8 17.Bd2 Bf8 18.Bc3 Bc5+
19.Kg3 Re8 20.Bd2 Bb6 21.Bc4 Kg7 22.Rhe1 f5 23.h3 Nd4 24.Nxd4
Bxd4 25.Bd5 f4+ 26.Kh2 1/2-1/2

[Event "Moscow Open 2009 B"]
[Site "www.moscowchessopen.ru"]
[Date "2009.02.07"]
[Round "8.110"]
[White "Orekhovsky, Vasily"]
[Black "Kuznetsov, Mikhail V"]
[Result "0-1"]
[WhiteElo "2016"]
[BlackElo "2196"]
[Annotator ""]
[Source ""]
[Remark ""]

1.e4 d6 2.d4 Nf6 3.Nc3 c6 4.Nf3 g6 5.h3 Bg7 6.Be3 b5 7.a3 O-O
8.Be2 a5 9.b4 Na6 10.O-O Bb7 11.Qb1 Qc7 12.Nd2 Nd7 13.f4 e6 14.Kh1
f5 15.Qb3 Kh8 16.g3 e5 17.dxe5 dxe5 18.exf5 gxf5 19.Rac1 Rae8
20.Bh5 Re7 21.Ne2 Nf6 22.Bf3 e4 23.Bg2 axb4 24.axb4 Nd5 25.c4
bxc4 26.Rxc4 Qd6 27.Bc5 Nxc5 28.bxc5 Qd7 29.Ra4 Nc3 30.Nxc3 Qxd2
31.Nb1 Qb2 32.Qxb2 Bxb2 33.Rb4 Bf6 34.Re1 Ba6 35.g4 Bh4 36.Re3
Bf2 37.Reb3 Bb5 38.Nc3 e3 39.Nxb5 e2 40.Rb1 cxb5 41.Rxb5 fxg4
42.hxg4 Rxf4 43.Rb8+ Kg7 44.c6 0-1

[Event "Moscow Open 2009 B"]
[Site "www.moscowchessopen.ru"]
[Date "2009.02.07"]
[Round "8.111"]
[White "Rigovich, Albert"]
[Black "Kondratiev, Vissarion L"]
[Result "0-1"]
[WhiteElo "2016"]
[BlackElo "2188"]
[Annotator ""]
[Source ""]
[Remark ""]

1.e4 c5 2.Nf3 Nc6 3.d4 cxd4 4.Nxd4 Nf6 5.Nc3 e6 6.a3 Qc7 7.Be3
a6 8.Be2 b5 9.Bf3 Bb7 10.O-O Rc8 11.Re1 Ne5 12.Bg5 Bc5 13.Nb3
Bd6 14.g3 Nc4 15.Bc1 Be5 16.Nd4 Qb6 17.Nde2 O-O 18.b3 Nd6 19.Qd3 0-1

[Event "Moscow Open 2009 B"]
[Site "www.moscowchessopen.ru"]
[Date "2009.02.07"]
[Round "8.112"]
[White "Tolmachev, Aleksander"]
[Black "Menshikov, Alexander"]
[Result "1-0"]
[WhiteElo "2002"]
[BlackElo "2174"]
[Annotator ""]
[Source ""]
[Remark ""]

1.d4 d5 2.c4 Nc6 3.cxd5 Qxd5 4.e3 e5 5.Nc3 Bb4 6.Bd2 Bxc3 7.bxc3
Nf6 8.c4 Qd6 9.d5 Ne7 10.Rb1 Nd7 11.Ne2 Nc5 12.Nc3 Bf5 13.e4
Bd7 14.Be3 O-O 15.Bxc5 Qxc5 16.Rxb7 Rab8 17.Rxb8 Rxb8 18.Bd3
Ng6 19.O-O Nf4 20.Ne2 Bg4 21.h3 Bxe2 22.Bxe2 Rb2 23.Bg4 g6 24.g3
h5 25.gxf4 Qxc4 26.d6 cxd6 27.fxe5 Rb8 1-0

[Event "Moscow Open 2009 B"]
[Site "www.moscowchessopen.ru"]
[Date "2009.02.07"]
[Round "8.114"]
[White "Popov, Andrey"]
[Black "Golynsky, Yuri"]
[Result "1/2-1/2"]
[WhiteElo "1988"]
[BlackElo "2164"]
[Annotator ""]
[Source ""]
[Remark ""]

1.c4 Nf6 2.Nc3 c6 3.Nf3 d5 4.e3 e6 5.d4 Nbd7 6.Qc2 Be7 7.b3 b6
8.Be2 Bb7 9.O-O O-O 10.Bb2 Qc7 11.cxd5 cxd5 12.Rac1 Rac8 13.Qb1
Qb8 14.h3 a6 15.Rc2 b5 16.a3 Ne8 17.Rfc1 Nd6 18.Bd3 f5 19.Ne2
Rxc2 20.Rxc2 g5 21.Ne5 Nxe5 22.dxe5 Ne4 23.Bxe4 dxe4 24.Nd4 Bd5
25.Nc6 Qe8 26.Nxe7+ Qxe7 27.Qc1 Rf7 28.Rc8+ Kg7 29.Qc2 Qb7 30.Rc5
Kg6 31.Bd4 h5 32.Qc3 Kh7 33.Rc8 h4 34.Qc5 Bxb3 35.Re8 g4 36.hxg4
fxg4 37.Qd6 Qc7 38.Bc5 g3 39.fxg3 hxg3 40.Qxc7 Rxc7 41.Re7+ Rxe7
42.Bxe7 Kg6 43.Bh4 Kf5 44.Bxg3 1/2-1/2

[Event "Moscow Open 2009 B"]
[Site "www.moscowchessopen.ru"]
[Date "2009.02.07"]
[Round "8.115"]
[White "Mukhin, Viktor"]
[Black "Stoljarov, Dmitriy"]
[Result "1-0"]
[WhiteElo "2164"]
[BlackElo "1983"]
[Annotator ""]
[Source ""]
[Remark ""]

1.e4 c5 2.Nf3 d6 3.Bb5+ Bd7 4.Bxd7+ Qxd7 5.c4 g6 6.Nc3 Nf6 7.O-O
Bg7 8.d4 cxd4 9.Nxd4 Nc6 10.Be3 Ng4 11.Nc2 Nxe3 12.Nxe3 O-O 13.Rc1
Rac8 14.b3 Qe6 15.Qd5 Qf6 16.Qd1 Qh4 17.g3 Qh3 18.Ncd5 f5 19.exf5
gxf5 20.Nf4 Qh6 21.Qd5+ Rf7 22.Nxf5 Qf6 23.Nxg7 Qxg7 24.Ne6 Qg6
25.Ng5 Rcf8 26.Nxf7 Rxf7 27.Rce1 1-0

[Event "Moscow Open 2009 B"]
[Site "www.moscowchessopen.ru"]
[Date "2009.02.07"]
[Round "8.116"]
[White "Zhuravlev, Dmitry"]
[Black "Goroshilov, Vladislav"]
[Result "0-1"]
[WhiteElo "1975"]
[BlackElo "2147"]
[Annotator ""]
[Source ""]
[Remark ""]

1.d4 Nf6 2.Nf3 g6 3.c4 Bg7 4.Nc3 d5 5.g3 O-O 6.Bg2 c6 7.O-O dxc4
8.Ne5 Be6 9.a4 Na6 10.e4 Nb4 11.f4 Nd7 12.f5 Nxe5 13.dxe5 Qxd1
14.Nxd1 gxf5 15.exf5 Bd5 16.f6 exf6 17.exf6 Bh8 18.Bh6 Rfe8 19.Ne3
Re6 20.Ng4 Bxg2 21.Kxg2 Nd5 22.Bg5 h5 23.Nh6+ Kf8 24.Rf3 Bxf6
25.Raf1 Kg7 26.Bxf6+ Kxh6 27.Bd4 Re4 28.Rd1 f5 29.Kh3 Kg6 30.Bc5
b6 31.Ba3 Rd8 32.a5 Nf4+ 0-1

[Event "Moscow Open 2009 B"]
[Site "www.moscowchessopen.ru"]
[Date "2009.02.07"]
[Round "8.117"]
[White "Gaboev, Batraz"]
[Black "Subbotsky, Mikhail"]
[Result "0-1"]
[WhiteElo "2120"]
[BlackElo "1974"]
[Annotator ""]
[Source ""]
[Remark ""]

1.d4 d5 2.Nf3 c6 3.c4 e6 4.g3 Nf6 5.Bg2 Be7 6.O-O O-O 7.Qc2 Nbd7
8.Rd1 Ne4 9.b3 Ndf6 10.Ne5 Qc7 11.Bf4 Qa5 12.Nd2 Nxd2 13.Bxd2
Qb6 14.c5 Qc7 15.b4 Nd7 16.Bf4 Nxe5 17.Bxe5 Qd8 18.e4 Bd7 19.h4
f5 20.exd5 exd5 21.b5 Bf6 22.bxc6 bxc6 23.Re1 Re8 24.f4 Qa5 25.Bh3
g6 26.h5 Bxe5 27.fxe5 Rab8 28.hxg6 hxg6 29.Rab1 Qa3 30.Qf2 Be6
31.Qf4 Qd3 32.Rbd1 Qc2 33.Rd2 Qc3 34.Qg5 Kf7 35.Rf1 Rb2 36.Qf6+
Kg8 37.Qxg6+ Kf8 38.Bxf5 Qe3+ 39.Kh1 Rxd2 40.Qf6+ Bf7 41.e6 Rxe6
42.Bxe6 Qe4+ 43.Rf3 Qh7+ 0-1

[Event "Moscow Open 2009 B"]
[Site "www.moscowchessopen.ru"]
[Date "2009.02.07"]
[Round "8.118"]
[White "Dudkin, Maxim"]
[Black "Simkin, Alexander"]
[Result "1-0"]
[WhiteElo "2104"]
[BlackElo "1957"]
[Annotator ""]
[Source ""]
[Remark ""]

1.e4 c5 2.Nf3 d6 3.d3 Nf6 4.g3 Nc6 5.Bg2 e5 6.c3 Be7 7.O-O O-O
8.Re1 Bg4 9.h3 Bh5 10.Nbd2 Qc7 11.g4 Bg6 12.Nf1 c4 13.g5 Nh5
14.dxc4 f5 15.exf5 Rxf5 16.Nh4 Rff8 17.Bd5+ Kh8 18.Nxg6+ hxg6
19.Re4 Nf4 20.Bxf4 exf4 21.Qg4 Bxg5 22.Qxg5 1-0

[Event "Moscow Open 2009 B"]
[Site "www.moscowchessopen.ru"]
[Date "2009.02.07"]
[Round "8.119"]
[White "Jorov, Boris"]
[Black "Dubov, Alexandr"]
[Result "1/2-1/2"]
[WhiteElo "2099"]
[BlackElo "1903"]
[Annotator ""]
[Source ""]
[Remark ""]

1.d4 Nf6 2.c4 g6 3.Nc3 d5 4.Nf3 Bg7 5.e3 O-O 6.Be2 dxc4 7.Bxc4
c5 8.O-O cxd4 9.Nxd4 a6 10.a3 e5 11.Nf3 Qc7 12.Ba2 Rd8 13.Qe2
h6 14.e4 Nc6 15.Be3 Nd4 16.Qc4 Ne8 17.Nd5 Qxc4 18.Bxc4 b5 19.Ba2
Bb7 20.Rad1 Nd6 21.Nxd4 exd4 22.Bxd4 Nxe4 23.Bxg7 Kxg7 24.f3
Nf6 25.Nc3 Bc6 26.Rfe1 Kf8 27.Kf2 a5 28.Rxd8+ Rxd8 29.Rd1 Rc8
30.Rd4 1/2-1/2

[Event "Moscow Open 2009 B"]
[Site "www.moscowchessopen.ru"]
[Date "2009.02.07"]
[Round "8.121"]
[White "Andronov, Ilya"]
[Black "Leonov, Dmitry"]
[Result "1-0"]
[WhiteElo "2091"]
[BlackElo "1892"]
[Annotator ""]
[Source ""]
[Remark ""]

1.e4 Nc6 2.Nf3 Nf6 3.d4 d5 4.exd5 Nxd5 5.c4 Nf6 6.d5 Nb8 7.Nc3
e6 8.Qb3 exd5 9.cxd5 Bd6 10.Be2 Nbd7 11.O-O O-O 12.Bg5 h6 13.Bh4
Be7 14.Bg3 Nc5 15.Qc4 b6 16.Nd4 Ba6 17.Ndb5 Bd6 18.Bf3 Qd7 19.Rfd1
Rfd8 20.a3 Bb7 21.b4 Na6 22.Rac1 Rdc8 23.Nd4 Bxg3 24.hxg3 Ne8
25.Qe2 Nd6 26.Bg4 f5 27.Bh5 Nf7 28.Qf3 Nd6 29.Re1 Rf8 30.Nc6
Bxc6 31.dxc6 Qd8 32.Nd5 Ne4 33.Qb3 Kh7 34.Rcd1 Rc8 35.Nxb6 Nd2
36.Nxc8 Nxb3 37.Rxd8 Rxd8 38.Nxa7 Nd4 39.Be2 Nb8 40.b5 1-0

[Event "Moscow Open 2009 B"]
[Site "www.moscowchessopen.ru"]
[Date "2009.02.07"]
[Round "8.122"]
[White "Romanov, Sergey"]
[Black "Krylov, Ivan"]
[Result "1-0"]
[WhiteElo "2083"]
[BlackElo "1877"]
[Annotator ""]
[Source ""]
[Remark ""]

1.e4 c5 2.Nf3 e6 3.d4 cxd4 4.Nxd4 a6 5.Bd3 Qc7 6.O-O Nf6 7.Bg5
Be7 8.c3 d6 9.Nd2 Nbd7 10.Rc1 O-O 11.Qe2 b6 12.Bb1 Bb7 13.Rfe1
Rac8 14.f4 Rfe8 15.c4 h6 16.Bh4 Nf8 17.N2f3 Qd7 18.Rcd1 Nh5 19.Bxe7
Qxe7 20.g3 Nf6 21.b3 N8d7 22.f5 Ne5 23.fxe6 Nxf3+ 24.Qxf3 fxe6
25.Qe3 Nd7 26.Nf3 Rf8 27.Rf1 Rf7 28.Qd4 Nc5 29.e5 dxe5 30.Nxe5 1-0

[Event "Moscow Open 2009 B"]
[Site "www.moscowchessopen.ru"]
[Date "2009.02.07"]
[Round "8.123"]
[White "Dubonosov, Evgenij"]
[Black "Kvasov, Sergey"]
[Result "1-0"]
[WhiteElo "2082"]
[BlackElo "1850"]
[Annotator ""]
[Source ""]
[Remark ""]

1.d4 f5 2.Qd3 d5 3.c4 e6 4.cxd5 exd5 5.Nc3 c6 6.Nf3 Bd6 7.g3
Nf6 8.Bf4 Bxf4 9.gxf4 Ne4 10.e3 b6 11.Qc2 a5 12.Ne5 Qf6 13.Nxd5
Qd8 14.Nc3 Nxc3 15.Qxc3 Qd6 16.a3 Bb7 17.Rg1 Qf6 18.Bc4 Rf8 19.O-O-O
Nd7 20.Qb3 b5 21.Nxd7 Kxd7 22.Be2 Rac8 23.Kb1 Rc7 24.d5 Kc8 25.Bf3
Kb8 26.dxc6 Bxc6 27.Bxc6 Qxc6 28.Rc1 Qe4+ 29.Ka2 Rb7 30.Rc5 a4
31.Qd5 Qxd5+ 32.Rxd5 g6 33.Rc1 Ka7 34.b3 axb3+ 35.Kxb3 Rb6 36.Rcc5
Ka6 37.Kb4 Re6 38.Rc8 Re4+ 39.Rd4 Re6 40.Rcd8 Re7 41.R4d6+ Ka7
42.Ka5 Rc7 43.Kxb5 1-0

[Event "Moscow Open 2009 B"]
[Site "www.moscowchessopen.ru"]
[Date "2009.02.07"]
[Round "8.125"]
[White "Levashov, Michael"]
[Black "Grigoriev, Radimir"]
[Result "0-1"]
[WhiteElo "1952"]
[BlackElo "2065"]
[Annotator ""]
[Source ""]
[Remark ""]

1.Nf3 g6 2.d4 Bg7 3.c4 Nf6 4.Nc3 d6 5.e4 Bg4 6.Be2 O-O 7.O-O
Bxf3 8.Bxf3 e5 9.dxe5 dxe5 10.Qxd8 Rxd8 11.Bg5 c6 12.Rfd1 Na6
13.Be3 b6 14.Rxd8+ Rxd8 15.Rd1 Rxd1+ 16.Bxd1 Nd7 17.Ba4 Ndb8
18.a3 Nc7 19.c5 b5 20.Bb3 Nd7 21.Ba2 a5 22.b4 axb4 23.axb4 Na6
24.Nxb5 cxb5 25.c6 Ndb8 26.Bd5 Bf8 27.f4 Bd6 28.fxe5 Bxe5 29.Bb6
Bc7 30.Bd4 Nxb4 31.Bc3 N8xc6 32.e5 Nxe5 0-1

[Event "Moscow Open 2009 B"]
[Site "www.moscowchessopen.ru"]
[Date "2009.02.07"]
[Round "8.126"]
[White "Kanjaryan, Vladimir"]
[Black "Kurnaev, Vladimir"]
[Result "1/2-1/2"]
[WhiteElo "1877"]
[BlackElo "2063"]
[Annotator ""]
[Source ""]
[Remark ""]

1.e4 e6 2.d4 d5 3.e5 c5 4.c3 Nc6 5.Nf3 Nge7 6.a3 Ng6 7.b4 c4
8.h4 Be7 9.h5 Nf8 10.g3 Bd7 11.Bh3 b5 12.a4 a6 13.O-O h6 14.Ne1
Nh7 15.f4 O-O 16.Ra2 Qb6 17.a5 Qa7 18.Kh1 f5 19.exf6 gxf6 20.f5
Ng5 21.fxe6 Nxh3 22.exd7 Qxd7 23.Bxh6 Rf7 24.Rh2 Bd6 25.Qc2 Kh8
26.Qg2 Ng5 27.Qxd5 Bxg3 28.Qxd7 Rxd7 29.Re2 Rd6 30.Nd2 Bxe1 31.Rexe1
Rg8 32.Rf5 Nh7 33.Bf4 Rd7 34.Re6 Ne7 35.Rc5 Nd5 36.Bh2 Nxc3 37.Nf3
Nd5 38.Rxa6 Nxb4 39.Re6 Nd3 40.Bd6 Nxc5 41.dxc5 Rc8 42.Nd4 b4
43.c6 Rxd6 44.Rxd6 b3 45.Nb5 b2 46.Nc3 Ng5 47.Rd2 Ne4 48.Rxb2
Nxc3 49.a6 Nd5 50.a7 Nc7 51.Rb7 1/2-1/2

[Event "Moscow Open 2009 B"]
[Site "www.moscowchessopen.ru"]
[Date "2009.02.07"]
[Round "8.128"]
[White "Kovach, Dmitri"]
[Black "Cherny, Oleg"]
[Result "0-1"]
[WhiteElo "1400"]
[BlackElo "2043"]
[Annotator ""]
[Source ""]
[Remark ""]

1.e4 Nf6 2.e5 Nd5 3.d4 d6 4.c4 Nb6 5.f4 dxe5 6.fxe5 Bf5 7.Bd3
e6 8.Nc3 Be7 9.Nf3 O-O 10.Be2 f6 11.O-O Nc6 12.exf6 Bxf6 13.Qd2
Rf7 14.Rd1 Rd7 15.h3 Qe8 16.c5 Nd5 17.Nxd5 exd5 0-1